000 00702nam a2200289Ia 4500
005 20260324123559.0
008 008 260324s9999 xx 000 0 eng d
020 _a9780203810460
037 _aEBOOK
040 _aCRL
040 _beng
040 _cCRL
041 _2eng
041 _aeng
084 _qCRL
100 _aMarcus Mietzner
_91170850
245 4 _aThe Political Resurgence of the Military in Southeast Asia
245 0 _bConflict and Leadership
260 _bTaylor and Francis
260 _c2011
365 _a
365 _b280
856 _uhttp://www.taylorfrancis.com/books/9780203810460
942 _cEBOOK
999 _c1764503
_d1764503